000 00638nam a2200241Ia 4500
001 3996
008 170323s 198 ii g b000 u 465 u
020 _a0-02-946620-2
082 _a515.8
100 _aRoyden, H.L. .
245 0 _aReal Analysis /
_cH.L. Royden.
_hTextual Documents
250 _a3rd ed. /
260 _aNew York :
_bMacmillan Publishing Company ,
_cC 1988.
300 _axvii, 444p. ;
_c23cm.
504 _aBib, Index
653 _aG-Mathematics
653 _aReal Analysis
653 _aFunctioal Analysis
653 _aFunctions
653 _aPG-Mathematics
653 _aDept-Mathematics
942 _2ddc
_cBK
999 _c3984
_d3984